[Event "Teplice op 18th"]
[Site "Teplice"]
[Date "2025.06.18"]
[Round "5"]
[White "Baenziger, Fabian"]
[Black "Sidhant, Mohapatra"]
[Result "1/2-1/2"]
[WhiteElo "2444"]
[BlackElo "2364"]
[PlyCount "60"]
[EventDate "2025.06.14"]
[EventType "swiss"]
[EventRounds "9"]
[EventCountry "CZE"]
[SourceTitle "CB26_2025"]
[SourceDate "2025.06.25"]
[SourceVersion "1"]
[SourceVersionDate "2025.06.25"]
[SourceQuality "1"]

1. e4 c5 2. Nf3 d6 3. d4 cxd4 4. Qxd4 Nc6 5. Qd3 g6 6. Be2 Bg7 7. 0-0 Nf6 8. Nc3 0-0 9. Nd5 Bg4 10. c3 Re8 11. Bg5 Nxd5 12. exd5 Ne5 13. Nxe5 Bxe2 14. Qxe2 Bxe5 15. a4 Rc8 16. Be3 a6 17. a5 Qd7 18. Ra3 e6 19. Qd3 exd5 20. Qxd5 Rc6 21. Rb3 Bg7 22. Rb4 Re5 23. Qb3 Rxa5 24. Rxb7 Rc7 25. Rb8+ Rc8 26. Rd1 Bf8 27. Rb7 Rc7 28. Rb4 Rb5 29. Rxb5 axb5 30. Rd5 Rb7 1/2-1/2

[Event "Teplice op 18th"]
[Site "Teplice"]
[Date "2025.06.17"]
[Round "4"]
[White "Lewtak, Damian"]
[Black "Baenziger, Fabian"]
[Result "1/2-1/2"]
[WhiteElo "2367"]
[BlackElo "2444"]
[PlyCount "73"]
[EventDate "2025.06.14"]
[EventType "swiss"]
[EventRounds "9"]
[EventCountry "CZE"]
[SourceTitle "CB26_2025"]
[SourceDate "2025.06.25"]
[SourceVersion "1"]
[SourceVersionDate "2025.06.25"]
[SourceQuality "1"]

1. e4 e6 2. d4 d5 3. e5 c5 4. c3 Nc6 5. Nf3 Bd7 6. Be2 f6 7. 0-0 fxe5 8. Nxe5 Nxe5 9. dxe5 Qc7 10. Re1 0-0-0 11. Bf1 Ne7 12. a4 Nf5 13. Na3 c4 14. g4 Nh6 15. Be3 Bc5 16. Nc2 Bxe3 17. Rxe3 Rhf8 18. Nd4 Rf4 19. f3 Nf7 20. Qe1 g5 21. Ne2 Qb6 22. Nd4 Nh8 23. a5 Qc7 24. b3 Kb8 25. bxc4 dxc4 26. Rb1 Qxa5 27. Bxc4 Ng6 28. Bd3 b6 29. Ra1 Qc5 30. Bxg6 hxg6 31. Qd2 Rc8 32. h3 Rf7 33. Kg2 Qd5 34. Qd3 Be8 35. Qd2 Bd7 36. Qd3 Be8 37. Qd2 1/2-1/2

[Event "Teplice op 18th"]
[Site "Teplice"]
[Date "2025.06.16"]
[Round "3"]
[White "Baenziger, Fabian"]
[Black "Sinz, Bernhard"]
[Result "1-0"]
[WhiteElo "2444"]
[BlackElo "2300"]
[PlyCount "141"]
[EventDate "2025.06.14"]
[EventType "swiss"]
[EventRounds "9"]
[EventCountry "CZE"]
[SourceTitle "CB26_2025"]
[SourceDate "2025.06.25"]
[SourceVersion "1"]
[SourceVersionDate "2025.06.25"]
[SourceQuality "1"]

1. c4 e5 2. d3 Nc6 3. Nf3 g6 4. g3 Bg7 5. Bg2 d6 6. Nc3 Nh6 7. Rb1 a5 8. 0-0 0-0 9. a3 Be6 10. b4 axb4 11. axb4 Qd7 12. Ng5 Bf5 13. b5 Nd8 14. Nd5 f6 15. Ne4 Bxe4 16. Bxe4 Ne6 17. Bg2 f5 18. Bd2 f4 19. e3 f3 20. Bxf3 Ng5 21. Bg2 Nh3+ 22. Bxh3 Qxh3 23. f3 Ra2 24. Rf2 Ng4 25. Rg2 Nf6 26. Nb4 Raa8 27. Qe2 Nd7 28. Rf2 Nc5 29. Rff1 Ra3 30. Bc1 Ra4 31. Nd5 Rf7 32. Nc3 Ra8 33. Bb2 Raf8 34. Ne4 Ne6 35. Bc3 Qh5 36. Kg2 Ng5 37. Nxg5 Qxg5 38. e4 h5 39. Bd2 Qe7 40. f4 Bh6 41. fxe5 Bxd2 42. Qxd2 Rxf1 43. Rxf1 Rxf1 44. Kxf1 dxe5 45. Qa2 Kg7 46. Qa7 Qd7 47. Ke2 b6 48. Qb7 Kh6 49. Qb8 Kg5 50. Qf8 Qd4 51. h3 Qc3 52. Qd8+ Kh6 53. Kf3 g5 54. g4 h4 55. Qf6+ Kh7 56. Qf7+ Kh8 57. Qh5+ Kg7 58. Qxg5+ Kf7 59. Qd8 Qd2 60. Qxc7+ Kg8 61. Qd8+ Kg7 62. Qe7+ Kg8 63. Qe8+ Kh7 64. Qf7+ Kh8 65. Qf6+ Kg8 66. Qxe5 Qxd3+ 67. Kf4 Qxh3 68. Kg5 Qg3 69. Qe8+ Kg7 70. Qd7+ Kf8 71. Kg6 1-0

[Event "Mitropa Cup"]
[Site "Trencin"]
[Date "2025.05.21"]
[Round "8.3"]
[White "Baenziger, Fabian"]
[Black "Bango, Lukas"]
[Result "1-0"]
[WhiteElo "2443"]
[BlackElo "2280"]
[PlyCount "125"]
[EventDate "2025.05.14"]
[EventType "team-tourn"]
[EventRounds "9"]
[EventCountry "SVK"]
[SourceTitle "CB22_2025"]
[SourceDate "2025.05.28"]
[SourceVersion "1"]
[SourceVersionDate "2025.05.28"]
[SourceQuality "1"]
[WhiteTeam "Switzerland"]
[BlackTeam "Slovakia II"]
[WhiteTeamCountry "SUI"]
[BlackTeamCountry "SVK"]

1. e4 c5 2. Nf3 g6 3. d4 cxd4 4. Nxd4 Bg7 5. c4 Nc6 6. Be3 Qb6 7. Nb3 Qd8 8. Nd4 Qb6 9. Nb3 Qd8 10. Qd2 Nf6 11. Nc3 0-0 12. Be2 d6 13. 0-0 a5 14. h3 a4 15. Nd4 Nxd4 16. Bxd4 Bd7 17. b4 axb3 18. axb3 Bc6 19. Qe3 Nd7 20. Bxg7 Kxg7 21. b4 b6 22. Qd4+ Kg8 23. f4 Qc7 24. Rac1 e5 25. Qd2 exf4 26. Qxf4 Ne5 27. Qf6 Rfe8 28. Rfd1 Re6 29. Qf2 Ree8 30. Qd4 Red8 31. Ra1 Rxa1 32. Rxa1 Bb7 33. Kh1 Nc6 34. Qf6 Qe7 35. Qxe7 Nxe7 36. Ra7 Rb8 37. b5 Nc8 38. Ra2 h5 39. Kg1 Kf8 40. g4 hxg4 41. Bxg4 Ne7 42. Rd2 f5 43. exf5 gxf5 44. Be2 Nc8 45. Kf2 Ra8 46. Ke3 Ra3 47. Kd4 Ne7 48. Bd3 Kf7 49. Rf2 Kg6 50. Bc2 Kg5 51. Rf1 f4 52. h4+ Kg4 53. Rg1+ Kh3 54. Rg7 f3 55. Rxe7 f2 56. Bd3 Bf3 57. Rf7 Kg2 58. Rg7+ Kh3 59. h5 Bg2 60. h6 Ra8 61. h7 Rh8 62. Rf7 Kg3 63. Ne2+ 1-0

[Event "Mitropa Cup"]
[Site "Trencin"]
[Date "2025.05.20"]
[Round "7.3"]
[White "Nemec, Jachym"]
[Black "Baenziger, Fabian"]
[Result "1-0"]
[WhiteElo "2436"]
[BlackElo "2443"]
[PlyCount "109"]
[EventDate "2025.05.14"]
[EventType "team-tourn"]
[EventRounds "9"]
[EventCountry "SVK"]
[SourceTitle "CB22_2025"]
[SourceDate "2025.05.28"]
[SourceVersion "1"]
[SourceVersionDate "2025.05.28"]
[SourceQuality "1"]
[WhiteTeam "Czech Republic"]
[BlackTeam "Switzerland"]
[WhiteTeamCountry "CZE"]
[BlackTeamCountry "SUI"]

1. Nf3 d5 2. g3 Nf6 3. Bg2 e6 4. 0-0 Be7 5. d3 0-0 6. Nbd2 a5 7. e4 a4 8. a3 c5 9. Re1 Nc6 10. e5 Nd7 11. Nf1 Ra6 12. h4 f6 13. exf6 Nxf6 14. N1h2 Bd6 15. c4 h6 16. Qc2 Bd7 17. Be3 Na5 18. Rad1 Qc7 19. cxd5 exd5 20. d4 cxd4 21. Qxc7 Bxc7 22. Bxd4 Nb3 23. Bc3 Ba5 24. Bxa5 Rxa5 25. Ne5 Bf5 26. Nd3 Be4 27. Nb4 Rc5 28. Bxe4 dxe4 29. Kg2 Kf7 30. Rd6 Re8 31. Nf1 Re6 32. Rd8 Re8 33. Red1 Rc8 34. Rxe8 Rxe8 35. Ne3 Ke6 36. Na2 Nc5 37. Rd4 Ra8 38. Nc3 Ra6 39. Rb4 g6 40. g4 g5 41. h5 Ke5 42. Kg3 Ke6 43. Rc4 Ra5 44. Rd4 Ra8 45. Rb4 Ra6 46. Nb5 Kf7 47. Nd4 Nfd7 48. Ndf5 Ne5 49. Rd4 Ned3 50. Nc4 Re6 51. Rd8 b5 52. Ncd6+ Kf6 53. Rf8+ Ke5 54. Nf7+ Kd5 55. Ne3+ 1-0

[Event "SUI-chT"]
[Site "Switzerland"]
[Date "2025.03.16"]
[Round "1.3"]
[White "Baenziger, Fabian"]
[Black "Hochstrasser, Michael"]
[Result "1-0"]
[WhiteElo "2435"]
[BlackElo "2301"]
[PlyCount "95"]
[EventDate "2025.03.16"]
[EventType "team-tourn"]
[EventRounds "9"]
[EventCountry "SUI"]
[SourceTitle "CB14_2025"]
[SourceDate "2024.11.01"]
[SourceVersion "1"]
[SourceVersionDate "2024.11.01"]
[SourceQuality "1"]
[WhiteTeam "Luzern"]
[BlackTeam "Wollishofen"]
[WhiteTeamCountry "SUI"]
[BlackTeamCountry "SUI"]

1. Nf3 g6 2. c4 Bg7 3. g3 e5 4. Nc3 Nc6 5. Bg2 d6 6. d3 Nf6 7. Rb1 a5 8. b3 0-0 9. 0-0 h6 10. Bb2 Nh5 11. e4 f5 12. exf5 Bxf5 13. Nh4 Nf6 14. Nxf5 gxf5 15. Nb5 Nd7 16. d4 Kh8 17. Qh5 f4 18. Rbd1 Rb8 19. dxe5 Ncxe5 20. c5 f3 21. Bh3 Nf6 22. Qh4 Ng6 23. Qa4 d5 24. Qxa5 c6 25. Qxd8 Rbxd8 26. Nc7 Rf7 27. Ne6 Re8 28. Rfe1 Rfe7 29. Kf1 Kg8 30. Nxg7 Kxg7 31. Rxe7+ Rxe7 32. Rd3 Ne5 33. Re3 Ne4 34. Bf5 Kf8 35. Bxe4 dxe4 36. Rxe4 Nd3 37. Rxe7 Kxe7 38. Bd4 h5 39. h3 Ke6 40. g4 hxg4 41. hxg4 Kd5 42. g5 Ke6 43. Kg1 Kf5 44. Be3 Ne5 45. Kh2 Kg4 46. a4 Kh4 47. b4 Kg4 48. b5 1-0

[Event "Rilton Cup 52nd"]
[Site "Stockholm"]
[Date "2025.01.03"]
[Round "7"]
[White "Baenziger, Fabian"]
[Black "Schmider, Niklas"]
[Result "1-0"]
[WhiteElo "2430"]
[BlackElo "2393"]
[PlyCount "81"]
[EventDate "2024.12.27"]
[EventType "swiss"]
[EventRounds "9"]
[EventCountry "SWE"]
[SourceTitle "CB02_2025"]
[SourceDate "2025.01.08"]
[SourceVersion "1"]
[SourceVersionDate "2025.01.08"]
[SourceQuality "1"]

1. d4 Nf6 2. c4 e6 3. Nc3 d5 4. Bg5 Be7 5. e3 h6 6. Bh4 0-0 7. Nf3 b6 8. Be2 dxc4 9. Bxc4 Bb7 10. 0-0 a6 11. Qe2 b5 12. Bd3 Nbd7 13. Rfd1 Qe8 14. a4 b4 15. Nb1 c5 16. a5 cxd4 17. exd4 Nh5 18. Bg3 Nxg3 19. hxg3 Nf6 20. Nbd2 Nd5 21. Rdc1 Qb8 22. Ne5 Qa7 23. Nb3 Rfc8 24. Qh5 Rxc1+ 25. Rxc1 Rf8 26. Nc5 Nf6 27. Qd1 Rc8 28. Nxb7 Qxb7 29. Qf1 Rxc1 30. Qxc1 Bd8 31. Qc5 Qc7 32. Nc6 Nd7 33. Qc4 Nb8 34. Nxd8 Qxd8 35. Be4 e5 36. d5 Nd7 37. d6 Nf8 38. Qxa6 Qg5 39. Qd3 Qc1+ 40. Kh2 Nd7 41. Bf5 1-0

[Event "Rilton Cup 52nd"]
[Site "Stockholm"]
[Date "2024.12.28"]
[Round "2"]
[White "Haitin, Ilja"]
[Black "Baenziger, Fabian"]
[Result "1/2-1/2"]
[WhiteElo "2248"]
[BlackElo "2430"]
[PlyCount "70"]
[EventDate "2024.12.27"]
[EventType "swiss"]
[EventRounds "9"]
[EventCountry "SWE"]
[SourceTitle "CB02_2025"]
[SourceDate "2025.01.08"]
[SourceVersion "1"]
[SourceVersionDate "2025.01.08"]
[SourceQuality "1"]

1. d4 Nf6 2. c4 e6 3. Bf4 Bb4+ 4. Nd2 c5 5. dxc5 0-0 6. Ngf3 Bxc5 7. e3 b6 8. Bd3 Bb7 9. 0-0 Be7 10. h3 d6 11. Bh2 Nbd7 12. Nd4 Rc8 13. b4 a6 14. Qb3 Rc7 15. Rfc1 Ne5 16. Bf1 Nfd7 17. a4 a5 18. bxa5 bxa5 19. Qb5 Nc6 20. N2b3 e5 21. Nf5 Ba8 22. Nxe7+ Qxe7 23. c5 Rb8 24. cxd6 Qxd6 25. Qa6 Ra7 26. Qc4 Qe7 27. Nc5 Nf6 28. Qh4 Nb4 29. Bb5 Rc7 30. Na6 Rxc1+ 31. Rxc1 Qb7 32. f3 Nxa6 33. Bxe5 Qb6 34. Bxb8 Qxe3+ 35. Kh2 Qxc1 1/2-1/2

[Event "SUI-chT"]
[Site "Switzerland"]
[Date "2024.08.24"]
[Round "6.2"]
[White "Ragger, Markus"]
[Black "Baenziger, Fabian"]
[Result "1/2-1/2"]
[WhiteElo "2605"]
[BlackElo "2417"]
[PlyCount "113"]
[EventDate "2024.03.10"]
[EventType "team-tourn"]
[EventRounds "9"]
[EventCountry "SUI"]
[SourceTitle "EXT 2025"]
[Source "ChessBase"]
[SourceDate "2024.10.14"]
[SourceVersion "1"]
[SourceVersionDate "2024.10.14"]
[SourceQuality "1"]
[WhiteTeam "Riehen"]
[BlackTeam "Luzern"]
[WhiteTeamCountry "SUI"]
[BlackTeamCountry "SUI"]

1. d4 Nf6 2. c4 e6 3. Nc3 Bb4 4. e3 0-0 5. Bd3 d5 6. a3 dxc4 7. Bxc4 Bd6 8. Nf3 Nc6 9. e4 e5 10. d5 Ne7 11. 0-0 Ng6 12. Be2 a6 13. h3 h6 14. Be3 Nh7 15. Nd2 Nh4 16. Bg4 f5 17. exf5 Nxf5 18. Nde4 Nf6 19. Nxf6+ Qxf6 20. Ne4 Qe7 21. Re1 Nxe3 22. Rxe3 Bxg4 23. Qxg4 Bc5 24. Nxc5 Qxc5 25. Qe6+ Kh7 26. Qxe5 Rae8 27. Qxe8 Rxe8 28. Rxe8 Qb5 29. Re7 Qxb2 30. Rae1 Qd2 31. R1e3 Qd1+ 32. Kh2 Qxd5 33. Rg3 Qd4 34. Rxc7 b5 35. Rf7 Qe5 36. Ra7 h5 37. h4 a5 38. Kh3 Qf5+ 39. Kh2 Qe5 40. Rxa5 g5 41. Ra7+ Kh8 42. Ra6 Kg7 43. Rc6 Kf7 44. f4 Qxf4 45. hxg5 Qh4+ 46. Rh3 Qf4+ 47. Kg1 Qd4+ 48. Kf1 Qd1+ 49. Kf2 Qd2+ 50. Kf1 Qd1+ 51. Kf2 Qd2+ 52. Kg1 Qe1+ 53. Kh2 Qe5+ 54. Kh1 Qe1+ 55. Kh2 Qe5+ 56. Kg1 Qe1+ 57. Kh2 1/2-1/2

[Event "Rosenheim GM"]
[Site "Rosenheim"]
[Date "2024.08.18"]
[Round "9"]
[White "Eugene, Floryan"]
[Black "Baenziger, Fabian"]
[Result "0-1"]
[WhiteElo "2421"]
[BlackElo "2421"]
[PlyCount "74"]
[EventDate "2024.08.12"]
[EventType "tourn"]
[EventRounds "9"]
[EventCountry "GER"]
[EventCategory "8"]
[SourceTitle "CBM 221 Extra"]
[Source "ChessBase"]
[SourceDate "2024.09.30"]
[SourceVersion "1"]
[SourceVersionDate "2024.09.30"]
[SourceQuality "1"]

1. e4 e6 2. d4 d5 3. e5 c5 4. c3 Nc6 5. Nf3 Bd7 6. Be2 Nge7 7. 0-0 Ng6 8. g3 Be7 9. h4 cxd4 10. cxd4 0-0 11. h5 Nh8 12. Na3 f6 13. Nc2 Nf7 14. Bf4 h6 15. Kg2 Rc8 16. Rc1 Be8 17. Bd3 Ng5 18. exf6 Bxf6 19. Ne5 Ne4 20. Qg4 Bxe5 21. dxe5 Nc5 22. Be2 Rf5 23. Qh3 d4 24. Rfd1 d3 25. Ne3 Nd4 26. Bg4 Bc6+ 27. Kf1 Bb5 28. Kg1 Qf8 29. b4 Ne2+ 30. Kh2 Rxf4 31. gxf4 Qxf4+ 32. Kg2 Bc6+ 33. Bf3 Rf8 34. Rxc5 Qg5+ 35. Kh2 Rxf3 36. Qxe6+ Kh8 37. Rxc6 Rxf2+ 0-1

[Event "Rosenheim GM"]
[Site "Rosenheim"]
[Date "2024.08.13"]
[Round "3"]
[White "Baenziger, Fabian"]
[Black "Costa, Leonardo"]
[Result "0-1"]
[WhiteElo "2421"]
[BlackElo "2481"]
[PlyCount "83"]
[EventDate "2024.08.12"]
[EventType "tourn"]
[EventRounds "9"]
[EventCountry "GER"]
[EventCategory "8"]
[SourceTitle "CBM 221 Extra"]
[Source "ChessBase"]
[SourceDate "2024.09.30"]
[SourceVersion "1"]
[SourceVersionDate "2024.09.30"]
[SourceQuality "1"]

1. d4 Nf6 2. c4 e6 3. Nc3 Bb4 4. e3 0-0 5. Bd3 c5 6. Nge2 d5 7. cxd5 exd5 8. a3 Bxc3+ 9. bxc3 b6 10. 0-0 Ba6 11. f3 Re8 12. Ng3 Bxd3 13. Qxd3 Nc6 14. Ra2 Rc8 15. Raf2 Rc7 16. Kh1 h5 17. Qf5 g6 18. Qf4 h4 19. Ne2 Na5 20. g4 Nb3 21. Bb2 Nh7 22. Nc1 Na5 23. Nd3 Nc4 24. Bc1 g5 25. Qf5 Nxe3 26. Bxe3 Rxe3 27. dxc5 bxc5 28. f4 d4 29. fxg5 Qxg5 30. Nf4 Qxf5 31. gxf5 Nf6 32. cxd4 cxd4 33. Rd2 Rc4 34. Rfd1 Ne4 35. Rxd4 Rc2 36. Rf1 h3 37. Rd8+ Kh7 38. Rd7 Rf3 39. Kg1 Rxf1+ 40. Kxf1 Rf2+ 41. Ke1 Rxf4 42. Rxa7 0-1

[Event "SUI-ch 123rd"]
[Site "Flims"]
[Date "2024.07.15"]
[Round "3"]
[White "Georgiadis, Ioannis"]
[Black "Baenziger, Fabian"]
[Result "1/2-1/2"]
[WhiteElo "2486"]
[BlackElo "2404"]
[PlyCount "86"]
[EventDate "2024.07.13"]
[EventType "tourn"]
[EventRounds "9"]
[EventCountry "SUI"]
[EventCategory "8"]
[SourceTitle "CBM 221 Extra"]
[Source "ChessBase"]
[SourceDate "2024.09.30"]
[SourceVersion "1"]
[SourceVersionDate "2024.09.30"]
[SourceQuality "1"]

1. d4 Nf6 2. c4 e6 3. Nf3 d5 4. g3 Be7 5. Bg2 0-0 6. 0-0 a5 7. Nc3 c6 8. b3 b6 9. Bb2 Ba6 10. a3 Nbd7 11. Re1 Rc8 12. Nd2 c5 13. e3 cxd4 14. exd4 Nb8 15. cxd5 exd5 16. Nf1 Bb7 17. Ne3 Na6 18. Rc1 Nc7 19. Na4 Nb5 20. Nf5 Rxc1 21. Qxc1 Bd6 22. Bf1 Na7 23. Qg5 g6 24. Bc1 Nc8 25. Qh4 Ne4 26. Qxd8 Rxd8 27. Nxd6 Rxd6 28. f3 Nf6 29. Bf4 Rc6 30. Bh3 Nd6 31. Bxd6 Rxd6 32. Rc1 Ba6 33. Rc7 Bb5 34. Nc3 Be8 35. b4 axb4 36. axb4 Rc6 37. Rxc6 Bxc6 38. b5 Be8 39. f4 Kf8 40. Bg2 Ke7 41. Bxd5 Bxb5 42. Bxf7 Kxf7 43. Nxb5 Ke6 1/2-1/2

[Event "SUI-ch 123rd"]
[Site "Flims"]
[Date "2024.07.13"]
[Round "1"]
[White "Wyss, Jonas"]
[Black "Baenziger, Fabian"]
[Result "1/2-1/2"]
[WhiteElo "2289"]
[BlackElo "2404"]
[PlyCount "118"]
[EventDate "2024.07.13"]
[EventType "tourn"]
[EventRounds "9"]
[EventCountry "SUI"]
[EventCategory "8"]
[SourceTitle "CBM 221 Extra"]
[Source "ChessBase"]
[SourceDate "2024.09.30"]
[SourceVersion "1"]
[SourceVersionDate "2024.09.30"]
[SourceQuality "1"]

1. e4 e6 2. d4 d5 3. Nc3 Nf6 4. e5 Nfd7 5. f4 c5 6. Nf3 Nc6 7. Be3 a6 8. Qd2 b5 9. dxc5 Bxc5 10. Bd3 Qb6 11. Bf2 Bb7 12. 0-0 h6 13. Rae1 Bxf2+ 14. Qxf2 Qxf2+ 15. Kxf2 Ke7 16. Ne2 g5 17. g3 Rhg8 18. Rg1 f6 19. exf6+ Kxf6 20. Ned4 Nxd4 21. Nxd4 Nc5 22. b4 Ne4+ 23. Bxe4 dxe4 24. Nb3 Bd5 25. Nc5 Kf5 26. fxg5 hxg5 27. Ke3 a5 28. a3 axb4 29. axb4 Ra3+ 30. Kd4 Rd8 31. Ref1+ Rf3 32. Rxf3+ exf3 33. g4+ Kg6 34. Nd3 Rh8 35. Rh1 Kf6 36. Ke3 Rc8 37. Rc1 Rc4 38. h3 e5 39. c3 Ke7 40. Nf2 Kd6 41. Nd3 Bc6 42. Nc5 Bd5 43. Nd3 Re4+ 44. Kxf3 Rxb4+ 45. Kf2 Rb3 46. Ke3 Bc4 47. Nb4 Rb2 48. Rd1+ Ke6 49. Nd3 Bxd3 50. Rxd3 Rh2 51. Ke4 Rh1 52. Re3 Rf1 53. Re2 Rf4+ 54. Ke3 Kd5 55. Rb2 Kc5 56. Rb1 Ra4 57. Kd3 Rf4 58. Ke3 Ra4 59. Kd3 Rf4 1/2-1/2

[Event "Adeje Arona op"]
[Site "Adeje"]
[Date "2024.06.29"]
[Round "9"]
[White "Baenziger, Fabian"]
[Black "Pichot, Alan"]
[Result "0-1"]
[WhiteElo "2410"]
[BlackElo "2640"]
[PlyCount "70"]
[EventDate "2024.06.22"]
[EventType "swiss"]
[EventRounds "10"]
[EventCountry "ESP"]
[SourceTitle "CBM 220 Extra"]
[Source "ChessBase"]
[SourceDate "2024.07.31"]
[SourceVersion "1"]
[SourceVersionDate "2024.07.31"]
[SourceQuality "1"]

1. d4 Nf6 2. c4 g6 3. Nf3 Bg7 4. g3 0-0 5. Bg2 d6 6. Nc3 Nbd7 7. 0-0 e5 8. e4 Re8 9. h3 exd4 10. Nxd4 Nc5 11. Re1 h6 12. Rb1 a5 13. b3 a4 14. b4 Ne6 15. Nc2 h5 16. Be3 h4 17. Ne2 Nf8 18. Bd4 hxg3 19. Nxg3 N6h7 20. Bxg7 Kxg7 21. f4 Qh4 22. Qf3 Kg8 23. Ne3 Ne6 24. Rf1 Bd7 25. Rbd1 Rad8 26. Qf2 b5 27. f5 Neg5 28. Nd5 gxf5 29. exf5 Nxh3+ 30. Bxh3 Qxh3 31. Nxc7 Bc6 32. Qh2 Qg4 33. Nd5 Bxd5 34. cxd5 Re3 35. Kh1 Rxg3 0-1

[Event "Munich op-A 2nd"]
[Site "Munich"]
[Date "2024.05.31"]
[Round "7"]
[White "Herbrig, Alexander"]
[Black "Baenziger, Fabian"]
[Result "1/2-1/2"]
[WhiteElo "2279"]
[BlackElo "2414"]
[PlyCount "50"]
[EventDate "2024.05.26"]
[EventType "swiss"]
[EventRounds "9"]
[EventCountry "GER"]
[SourceTitle "CBM 220 Extra"]
[Source "ChessBase"]
[SourceDate "2024.07.31"]
[SourceVersion "1"]
[SourceVersionDate "2024.07.31"]
[SourceQuality "1"]

1. d4 Nf6 2. Nf3 d5 3. c4 e6 4. Nc3 c6 5. e3 Nbd7 6. Qc2 Bd6 7. b3 0-0 8. Be2 b6 9. 0-0 Bb7 10. Bb2 Qe7 11. Rfd1 Rfd8 12. Rac1 Rac8 13. Ne1 h6 14. Nd3 dxc4 15. bxc4 c5 16. Qb3 a6 17. dxc5 Nxc5 18. Nxc5 bxc5 19. Qc2 Qc7 20. h3 Bc6 21. Bf3 Bxf3 22. gxf3 Qb7 23. Ne4 Nxe4 24. fxe4 Be7 25. Bc3 Qc6 1/2-1/2

[Event "Mitropa Cup"]
[Site "Apolda"]
[Date "2024.02.23"]
[Round "9.14"]
[White "Haring, Filip"]
[Black "Baenziger, Fabian"]
[Result "0-1"]
[WhiteElo "2449"]
[BlackElo "2408"]
[PlyCount "86"]
[EventDate "2024.02.15"]
[EventType "team-tourn"]
[EventRounds "9"]
[EventCountry "GER"]
[SourceTitle "CBM 218 Extra"]
[Source "ChessBase"]
[SourceDate "2024.03.31"]
[SourceVersion "1"]
[SourceVersionDate "2024.03.31"]
[SourceQuality "1"]
[WhiteTeam "Slovakia"]
[BlackTeam "Switzerland"]
[WhiteTeamCountry "SVK"]
[BlackTeamCountry "SUI"]

1. e4 e6 2. d4 d5 3. Nc3 Bb4 4. e5 c5 5. Bd2 Ne7 6. Nb5 Bxd2+ 7. Qxd2 0-0 8. dxc5 Nd7 9. f4 Nxc5 10. 0-0-0 Ne4 11. Qe1 Qb6 12. Nd4 Nc6 13. Ngf3 Bd7 14. a3 Rac8 15. h4 Na5 16. Bd3 Nc4 17. Bxc4 Rxc4 18. b3 Rc5 19. h5 Rfc8 20. Rh3 a5 21. Kb2 a4 22. Qb4 Qc7 23. Ne1 Nf2 24. Rd2 Nxh3 25. gxh3 h6 26. Rg2 Be8 27. Qd2 axb3 28. cxb3 Rc3 29. Nec2 Rxh3 30. Rxg7+ Kxg7 31. Qg2+ Kf8 32. Qxh3 Qe7 33. a4 Ra8 34. Qg3 Bd7 35. Qd3 Kg8 36. Ne3 Qh4 37. f5 Qxh5 38. Qd2 Qg5 39. Qf2 Rc8 40. a5 exf5 41. Nxd5 Qc1+ 42. Ka2 Rc5 43. b4 Qc4+ 0-1

[Event "Mitropa Cup"]
[Site "Apolda"]
[Date "2024.02.20"]
[Round "6.6"]
[White "Brunello, Sabino"]
[Black "Baenziger, Fabian"]
[Result "0-1"]
[WhiteElo "2510"]
[BlackElo "2408"]
[PlyCount "84"]
[EventDate "2024.02.15"]
[EventType "team-tourn"]
[EventRounds "9"]
[EventCountry "GER"]
[SourceTitle "CBM 218 Extra"]
[Source "ChessBase"]
[SourceDate "2024.03.31"]
[SourceVersion "1"]
[SourceVersionDate "2024.03.31"]
[SourceQuality "1"]
[WhiteTeam "Italy"]
[BlackTeam "Switzerland"]
[WhiteTeamCountry "ITA"]
[BlackTeamCountry "SUI"]

1. c4 e5 2. g3 Nf6 3. Bg2 c6 4. Nf3 e4 5. Nd4 Qb6 6. Nb3 a5 7. d3 a4 8. N3d2 Bc5 9. 0-0 e3 10. fxe3 Bxe3+ 11. Kh1 Ng4 12. Ne4 0-0 13. Nbc3 d5 14. cxd5 Bxc1 15. Qxc1 Ne3 16. dxc6 Nxc6 17. Rf4 Nxg2 18. Kxg2 Rd8 19. Ng5 f6 20. Nf3 Re8 21. Qd2 a3 22. Rb1 axb2 23. Rxb2 Qd8 24. a4 Rb8 25. Rb5 Bd7 26. Qa2+ Kh8 27. Rh5 Be6 28. Qb2 Bf7 29. Rb5 Re7 30. Kf2 Qd7 31. Ne4 Rbe8 32. g4 Bd5 33. Nfd2 Qc7 34. Ke3 Qd7 35. h3 Ra8 36. Rf5 Be6 37. Rxf6 gxf6 38. Nxf6 Qd4+ 39. Qxd4 Nxd4 40. Kxd4 Rxa4+ 41. Kc5 Bf7 42. e4 Re6 0-1

[Event "Marianske Lazne GM-A1 22nd"]
[Site "Marianske Lazne"]
[Date "2024.01.18"]
[Round "7"]
[White "Baenziger, Fabian"]
[Black "Natsidis, Christoph"]
[Result "1-0"]
[WhiteElo "2414"]
[BlackElo "2324"]
[PlyCount "53"]
[EventDate "2024.01.13"]
[EventType "tourn"]
[EventRounds "9"]
[EventCountry "CZE"]
[EventCategory "7"]
[SourceTitle "CBM 218 Extra"]
[Source "ChessBase"]
[SourceDate "2024.03.31"]
[SourceVersion "1"]
[SourceVersionDate "2024.03.31"]
[SourceQuality "1"]

1. d4 Nf6 2. Nf3 e6 3. c4 d5 4. Nc3 dxc4 5. e4 b5 6. e5 Nd5 7. Nxb5 Nb6 8. Be2 Nc6 9. Be3 Be7 10. 0-0 0-0 11. Nc3 Rb8 12. b3 cxb3 13. axb3 Bb7 14. Qb1 Nb4 15. Ne4 N6d5 16. Bd2 f5 17. exf6 Nxf6 18. Neg5 Bd5 19. Bc4 Rb6 20. Re1 Qc8 21. Bxb4 Bxb4 22. Rxe6 Bxe6 23. Nxe6 Rxe6 24. Ng5 Kh8 25. Nxe6 Re8 26. Qf5 a5 27. Nxg7 1-0

[Event "Marianske Lazne GM-A1 22nd"]
[Site "Marianske Lazne"]
[Date "2024.01.13"]
[Round "1"]
[White "Haring, Filip"]
[Black "Baenziger, Fabian"]
[Result "1-0"]
[WhiteElo "2432"]
[BlackElo "2414"]
[PlyCount "59"]
[EventDate "2024.01.13"]
[EventType "tourn"]
[EventRounds "9"]
[EventCountry "CZE"]
[EventCategory "7"]
[SourceTitle "CBM 218 Extra"]
[Source "ChessBase"]
[SourceDate "2024.03.31"]
[SourceVersion "1"]
[SourceVersionDate "2024.03.31"]
[SourceQuality "1"]

1. e4 e5 2. Nf3 Nc6 3. Bc4 Nf6 4. d3 Bc5 5. 0-0 d6 6. c3 a6 7. Bb3 Ba7 8. Nbd2 0-0 9. Re1 h6 10. Nf1 Re8 11. Ng3 Be6 12. Bc2 d5 13. exd5 Bxd5 14. Nh4 Bc5 15. b4 Bf8 16. Nhf5 Qd7 17. a4 b5 18. Be3 Rad8 19. h3 Ne7 20. Nh4 g6 21. Ne4 Bg7 22. Qc1 Qc6 23. Nc5 g5 24. axb5 Qxb5 25. c4 Qxb4 26. Rb1 Qa5 27. Nb3 Qb4 28. Bc5 Qc3 29. Bxe7 Rxe7 30. Nf5 1-0